Juan Pueblo / (Record no. 23477)

MARC details
000 -LEADER
campo de control de longitud fija 00511nam a2200181 i 4500
001 - NÚMERO DE CONTROL
campo de control 23477
003 - IDENTIFICADOR DE NÚMERO DE CONTROL
campo de control ES-MaACL
005 - FECHA Y HORA DE LA ÚLTIMA TRANSACCIÓN
campo de control 20240424063037.0
007 - CAMPO FIJO DE DESCRIPCIÓN FÍSICA--INFORMACIÓN GENERAL
campo de control de longitud fija t|
008 - DATOS DE LONGITUD FIJA--INFORMACIÓN GENERAL
campo de control de longitud fija 021210s1982 sp ||||1| spa d
100 1# - ENTRADA PRINCIPAL--NOMBRE DE PERSONA
Nombre de persona Álvarez Lencero, Luis,
Fechas asociadas al nombre 1923-1983
9 (RLIN) 138667
245 10 - MENCIÓN DEL TÍTULO
Título Juan Pueblo /
Mención de responsabilidad, etc. Luis Alvarez Lencero.
250 ## - MENCION DE EDICION
Mención de edición [2ª ed.].
260 ## - PUBLICACIÓN, DISTRIBUCIÓN, ETC.
Lugar de publicación, distribución, etc. [Mérida :
Nombre del editor, distribuidor, etc. Ayuntamiemto,
Fecha de publicación, distribución, etc. 1982]
300 ## - DESCRIPCIÓN FÍSICA
Extensión 103 p. :
Otras características físicas il. ;
Dimensiones 21 cm.
852 ## - LOCALIZACIÓN
Ubicación ES-MaACL
Número de control de estantería L-4484
Sublocalización o colección R.105367
Holdings
Estatus retirado Estado de pérdida Estado de daño No para préstamo Biblioteca de origen Biblioteca actual Ubicación en estantería Fecha de adquisición Fuente de adquisición Total de préstamos Signatura topográfica completa Código de barras Visto por última vez Precio de reemplazo Tipo de ítem Koha
        Biblioteca del Ateneo de Madrid Biblioteca del Ateneo de Madrid Depósito 2 17/01/2008     L-4484 1024191 23/02/2023 23/02/2023 Libro impreso